| 000 | 00692cam a22002293a 4500 | ||
|---|---|---|---|
| 001 | 34618 | ||
| 003 | PGUSA | ||
| 005 | 20140828083740.0 | ||
| 008 | 101211s2010||||xxu|||||s|||||000 | eng d | ||
| 040 |
_aPGUSA _beng |
||
| 042 | _adc | ||
| 100 | 1 | _aTyler, Anna Cogswell | |
| 245 | 1 | 0 |
_aTwenty-Four Unusual Stories for Boys and Girls _h[electronic resource] / _cAnna Cogswell Tyler |
| 260 |
_bProject Gutenberg, _c2010 |
||
| 506 | _aPublic domain in the USA. | ||
| 516 | _aElectronic text | ||
| 700 | 1 |
_aPetersham, Maud Fuller, _d1890-1971 |
|
| 700 | 1 |
_aPetersham, Miska, _d1888-1960 |
|
| 830 | 0 |
_aProject Gutenberg _v34618 |
|
| 856 | 4 | 0 | _uhttp://www.gutenberg.org/ebooks/34618 |
| 942 | _cEB | ||
| 999 |
_c263873 _d263873 |
||